000 01439nam a2200253Ia 4500
999 _c36515
_d36515
001 2433
003 GE_BSU
005 20210216144748.0
008 181216s2007||||ge |||||||||||||| ||geo||
040 _cGE_BSU
041 _ageo
080 _a327.7 ე–35
245 _aევროკავშირის პოლიტიკა : მიმდინარე საკითხები :
_b[კრებული] /
_cგამოც. მუშაობდნენ: ვასილ ჭყოიძე, ეკა აკობია, დავით ჭოჭუა [და სხვ.] ; რედ.: კახა გოგოლაშვილი, სერგი კაპანაძე ; საქ. სტრატეგიისა და საერთაშ. ურთიერთობათა კვლევის ფონდი.
260 _aთბილისი
264 _aთბ.,
_c2007
300 _a206 გვ.;
_b22 სმ.
653 _aევროკავშირი
700 _a ჭყოიძე, ვასილ
_eავტორი
_910131
700 _a აკობია, ეკა
_eავტორი
_910132
700 _aჭოჭუა, დავით
_eავტორი
_910133
700 _aგეგეშიძე, არჩილ
_eავტორი
_9880
700 _aკაპანაძე, სერგი და სხვ.
_eავტორი
_910134
942 _cBK
_2udc